| 000 | 00593 a2200217 4500 | ||
|---|---|---|---|
| 005 | 20260417122846.0 | ||
| 008 | 260416b |||||||| |||| 00| 0 eng d | ||
| 020 |
_a9781107619197 _cRs. 1050.00 |
||
| 040 | _aMAIN | ||
| 082 |
_a511.8 _bN554Q(10) |
||
| 100 | _aNielsen, Michael A | ||
| 245 | _aQuantum computation and quantum information | ||
| 250 | _a10th | ||
| 260 |
_bCambridge University Press _c2026 _aNew Delhi |
||
| 300 | _axxxi, 676 | ||
| 650 | _aQuantum Computation | ||
| 650 | _aData Processing | ||
| 650 | _aTheory of Computer | ||
| 700 | _aChuang, Isaac L | ||
| 942 | _cBK | ||
| 999 |
_c397119 _d397119 |
||